| 000 | 00853nam a22002177a 4500 | ||
|---|---|---|---|
| 005 | 20231219145447.0 | ||
| 008 | 110317t xxu||||| |||| 00| 0 eng d | ||
| 010 | _aB-756700-701 ENG-18.10.23 | ||
| 020 |
_a9789359090122 _c1000.00 |
||
| 035 | _aB-756700-701 | ||
| 037 | _bPansy Books | ||
| 082 | _a230.35 | ||
| 100 | 1 |
_926630 _aRawat, Anuja |
|
| 245 | 1 | 0 |
_aYog Yogi Yogini/ _cBy - Anuja Rawar and Asim Kulshrestha |
| 260 |
_aNew Delhi _bSatyam Publication _c2023 |
||
| 270 |
_aN-3/25, Mohan Garden, Uttam Nagar, _bNew Delhi _e110059 |
||
| 300 |
_aix 356p. _c24cm (HB) |
||
| 700 |
_aKulshrestha, Asim _959612 |
||
| 942 |
_2ddc _cEN _mRAW _h230.35 |
||
| 999 |
_c199516 _d199516 |
||